| 000 | 00820cam a22002657a 4500 | ||
|---|---|---|---|
| 001 | 001297 | ||
| 003 | armpunfd | ||
| 005 | 20140612090636.0 | ||
| 008 | 031007e0####xx#a##########000#0#und#d | ||
| 040 |
_aarmpunfd _carmpunfd |
||
| 080 | _a347.736 G 586P. | ||
| 100 | 1 | 0 | _a Gomez Leo, Osvaldo R. ( Director) |
| 245 | 1 | 0 | _aLos privilegios |
| 260 |
_a Ar Del Plata : Universidad Nacional De Mar Del Plata _b2003 |
||
| 300 | _a267p. (prisis pnsolvencia p pesacion pe pagos) purso pe posgrado | ||
| 650 | 7 |
_a Concurso Preventivo _2LEMB |
|
| 650 | 7 |
_a Credito Hipotecario _2LEMB |
|
| 650 | 7 |
_a Credito Prendario _2LEMB |
|
| 650 | 7 |
_a Hipoteca _2LEMB |
|
| 650 | 7 |
_a Prenda _2LEMB |
|
| 650 | 7 |
_a Privilegios _2LEMB |
|
| 650 | 7 |
_a Proceso Concursal _2LEMB |
|
| 942 |
_cLB _2cdu |
||
| 945 |
_aCatalis _d2010-08-19 |
||
| 999 |
_c1288 _d231792 |
||